Summa totius theologiae s. Thomae Aquinatis, doctoris angelici (Record no. 8510)

MARC details
000 -CABECERA
campo de control de longitud fija 01061nam a2200241 a 4500
001 - NÚMERO DE CONTROL
campo de control BRCA_8859
005 - FECHA Y HORA DE LA ÚLTIMA TRANSACCIÓN
campo de control 20190320210434.0
008 - DATOS DE LONGITUD FIJA--INFORMACIÓN GENERAL
campo de control de longitud fija 160517s1781----it-#######---#000-0#lat-#
041 ## - CÓDIGO DE LENGUA
Código de lengua del texto/banda sonora o título independiente lat
084 ## - OTRO NÚMERO DE CLASIFICACIÓN
Número de clasificación BE236
Número de documento/Ítem .T56 1781
100 1# - ENTRADA PRINCIPAL--NOMBRE DE PERSONA
Nombre de persona Tomás de Aquino
Títulos y otros términos asociados al nombre Santo
Fechas asociadas al nombre 1225? - 1274
9 (RLIN) 22059
245 10 - MENCIÓN DE TÍTULO
Título Summa totius theologiae s. Thomae Aquinatis, doctoris angelici
Mención de responsabilidad, etc. cum appendicibus P. Seraphini Capponi a porrecta ardinis praedicatorum tertiae partis volumen scundum; tomus XIII.
260 ## - PUBLICACIÓN, DISTRIBUCIÓN, ETC.
Lugar de publicación, distribución, etc. Patavii
Nombre del editor, distribuidor, etc. EX typographia Seminarii apud Joannem Manfre
Fecha de publicación, distribución, etc. 1781
300 ## - DESCRIPCIÓN FÍSICA
Extensión XIV, 585 p. (t.13)
Dimensiones 16 x 9 cm.
500 ## - NOTA GENERAL
Nota general Superiorum permissu
500 ## - NOTA GENERAL
Nota general Estado físico: presenta encuadernación en pergamino deteriorado, con lomo semi desprendido y presencia del pez de plata
650 14 - PUNTO DE ACCESO ADICIONAL DE MATERIA--TÉRMINO DE MATERIA
Término de materia o nombre geográfico como elemento de entrada Iglesia católica
Subdivisión cronológica Obras anteriores a 1800
9 (RLIN) 22060
650 14 - PUNTO DE ACCESO ADICIONAL DE MATERIA--TÉRMINO DE MATERIA
Término de materia o nombre geográfico como elemento de entrada Teología doctrinal
Subdivisión cronológica Obras anteriores a 1800
9 (RLIN) 22061
700 1# - PUNTO DE ACCESO ADICIONAL--NOMBRE DE PERSONA
Nombre de persona Capponi, Serafino
Fechas asociadas al nombre ca. 1536 - 1614
Término indicativo de función/relación colaborador
9 (RLIN) 22062
700 1# - PUNTO DE ACCESO ADICIONAL--NOMBRE DE PERSONA
Nombre de persona Manfré Giovanni
Término indicativo de función/relación Impresor
9 (RLIN) 22063
902 ## - CATALOGADOR
Iniciales CFM
942 ## - ELEMENTOS DE PUNTO DE ACCESO ADICIONAL (KOHA)
Fuente del sistema de clasificación o colocación Library of Congress Classification
Tipo de ítem Koha Libros
Holdings
Estado de retiro Estado de pérdida Estado dañado No para préstamo Localización permanente Ubicación/localización actual Fecha de adquisición Total de préstamos Signatura topográfica completa Código de barras Fecha visto por última vez Precio válido a partir de Tipo de ítem Koha
El ejemplar forma parte de la colección y puede ser consultado según las políticas vigentes.       Biblioteca del Museo Franz Mayer (Rogerio Casas-Alatriste) Biblioteca del Museo Franz Mayer (Rogerio Casas-Alatriste) 16/05/2017   BE236 .T56 1781 CFM00181 22/03/2019 22/03/2019 Libros